Города Татарстана - Statistics

General Stats
  • This quiz has been taken 208 times
  • The average score is 13 of 24
Answer Stats
Население Город % Correct
1 318 604 Казань
100%
545 750 Набережные Челны
89%
155 988 Альметьевск
77%
241 479 Нижнекамск
76%
73 630 Елабуга
68%
99 137 Зеленодольск
61%
81 677 Бугульма
59%
3955 Иннополис
57%
58 815 Чистополь
56%
20 421 Арск
55%
60 993 Лениногорск
53%
22 875 Менделеевск
48%
8285 Болгар
48%
39 739 Заинск
46%
33 990 Нурлат
43%
19 968 Буинск
43%
15 726 Мамадыш
42%
16 008 Мензелинск
41%
9076 Лаишево
41%
19 860 Агрыз
40%
34 750 Азнакаево
39%
21 628 Бавлы
36%
17 886 Кукмор
33%
10 535 Тетюши
24%
No matching quizzes found
Score Distribution
Percent of People with Each Score
Percentile by Number Answered
Your Score History
You have not taken this quiz